Statistics for Countries Closest to Western Sahara - 30 Second Sprint

Click here to take the quiz!

General Stats

  • This quiz has been taken 28 times
  • The average score is 11 of 20

Answer Stats

kmcountrymiles% Correct
238Mali148
92%
0Morocco0
92%
0Algeria0
83%
0Mauritania0
79%
479Senegal298
79%
799Gambia496
67%
965Guinea600
63%
1690Tunisia1050
63%
1532Niger952
58%
98Spain61
54%
1294Burkina Faso804
46%
1780Libya1106
46%
1458Liberia906
42%
1036Portugal644
42%
1267Sierra Leone788
38%
1581Ghana982
33%
921Guinea-Bissau572
33%
1781Togo1106
25%
1340Côte d’Ivoire833
21%
755Cabo Verde469
17%

Score Distribution

Percentile by Number Answered

Percent of People with Each Score

Your Score History

You have not taken this quiz